000
00327nam a2200133Ia 4500
005
20251222154332.0
008
251222s9999||||xx |||||||||||||| ||spa||
020
_a
84-206-0159-4
082
_a
641.5/O73L
100
_a
"Ortega, Inés"
245
0
_a
El libro de los huevos y de las tortillas
250
_a
3a.ed.
942
_c
LIB
999
_c
34185
_d
34185